Seis países mais próximos - Iêmen - Statistics

Estatísticas Gerais
  • Esse quiz foi jogado 57 vezes
  • A pontuação média é 5 de 6
Estatísticas das Respostas
km país % Correto
0 Omã
98%
0 Arábia Saudita
96%
133 Somália
87%
109 Etiópia
81%
20 Djibouti
75%
29 Eritreia
72%
Nenhum quiz correspondente encontrado
Distribuição das Pontuações
Porcentagem de Pessoas com Cada Pontuação
Percentil de Números Respondidos
Sua Pontuação Histórica
Você não jogou esse quiz